Villes du Finistère carte - Statistiques

Statistiques générales
  • Ce quiz a été pris 161 fois
  • Le résultat moyen est 8 sur 13
Statistiques - réponses
Par images Réponse % Correct
Brest
88%
Concarneau
79%
Morlaix
79%
Landerneau
74%
Quimper
74%
Douarnenez
71%
Quimperlé
67%
Carhaix
57%
Chateaulin
56%
Le Conquet
49%
Pont-l'Abbé
45%
Audierne
38%
Camaret-sur-Mer
33%
Aucun quiz correspondant
Distribution des résultats
% des personnes avec chaque résultat
Percentile par nombre de réponses
Votre historique - résultats
Vous n’avez pas pris ce quiz